| 000 | 00464nam a2200217Ia 4500 | ||
|---|---|---|---|
| 001 | 110267 | ||
| 003 | YMCAF | ||
| 005 | 20230512162415.0 | ||
| 008 | 100717s2003 ||||||||||||||||| ||und|d | ||
| 024 | _a110267 | ||
| 035 | _aWB1254 | ||
| 040 |
_aYMCAF _beng _cIN-KoLT |
||
| 041 | _aeng | ||
| 082 |
_a005.74 _bPOS |
||
| 100 | _aPost, G V | ||
| 245 | 0 | _aDatabase management systems | |
| 250 | _a2nd | ||
| 260 |
_bTMH _c2003 |
||
| 300 | _a568 | ||
| 942 |
_2ddc _cBK |
||
| 999 |
_c11807 _d11807 |
||